|
|
|
|
| LEADER |
01082pam a2200301Ia 4500 |
| 001 |
9780203506080 |
| 003 |
FlBoTFG |
| 005 |
20091230162920.0 |
| 006 |
a|||||s||||||||||| |
| 007 |
cr|||| |
| 008 |
030910s2004 enkab sb 001 0 eng d |
| 020 |
|
|
|a 9780203506080 (e-book : PDF)
|
| 040 |
|
|
|a FlBoTFG
|c FlBoTFG
|d GrThAP
|
| 043 |
|
|
|a e-it---
|
| 090 |
|
|
|a DG70.P7
|b C628 2004
|
| 092 |
|
|
|a 937.7
|b C774
|
| 100 |
1 |
|
|a Cooley, Alison.
|
| 245 |
1 |
0 |
|a Pompeii
|h [electronic resource] :
|b a sourcebook /
|c Alison E. Cooley and M.G.L. Cooley.
|
| 260 |
|
|
|a London ;
|a New York :
|b Routledge,
|c 2004.
|
| 300 |
|
|
|a xiii, 254 p. :
|b ill., maps.
|
| 504 |
|
|
|a Includes bibliographical references (p. 232-236) and indexes.
|
| 530 |
|
|
|a Also available in print edition.
|b CRC Press (http://www.crcpress.com)
|
| 538 |
|
|
|a Mode of access: World Wide Web.
|
| 651 |
|
0 |
|a Pompeii (Extinct city)
|
| 655 |
|
7 |
|a Electronic books.
|2 lcsh
|
| 700 |
1 |
|
|a Cooley, M. G. L.
|q (Melvin George Lowe),
|d 1973-
|
| 776 |
1 |
|
|z 9780415262125
|
| 856 |
4 |
0 |
|u http://www.tandfebooks.com/isbn/9780203506080
|z Full Text via HEAL-Link
|